00585nam a2200169 a 450000500170000000800410001702000220005805000230008010000160010324501310011926000610025030000210031165000230033265000160035565000230037170000210039420140310183529.0110822s19uu xx 00 eng d a978-971-8527-83-2 aD 400 b.L769 2010 aLisa, Luis. aRomance and revolutions :bA look into the lives and times of Jose Rizal and Josephine Bracken /cLuis Lisa & Javier De Pedro. aPasig City :bUniversity of Asia and the Pacific,c2010. a386 p. :c24 cm. aPhilippine history aRizal, Jose aBracken, Josephine aDe Pedro, Javier